Contando los eones /

Guardado en:
Autor Principal: Asimov, Isaac
Formato: Libro
Publicado: Barcelona : Plaza & Janes, 1984
Materias:
Etiquetas: Agregar Etiqueta
Sin Etiquetas, Sea el primero en etiquetar este registro!
LEADER 00800nam a22002175a 4500
001 CEM.cems000726
005 20060210000000.0
008 130507s1984##################000#0#####d
003 CEMS
082 0 4 |a 523.1 
100 1 |a Asimov, Isaac 
245 1 0 |a Contando los eones / 
260 |a Barcelona :  |b Plaza & Janes,  |c 1984 
300 |a 255 p. 
505 0 |a Visado para el cosmos. El punto de arranque. La obra de la gravitacion. Se encienden las estrellas. Cibernetica contra termodinamica. La diferenciacion de las estrellas. La alquimia celeste. La fabrica galactica. El fenomeno planeta. La Tierra toma cuerpo. 
653 |a Astronomia 
653 |a Eones 
653 |a Estrellas 
653 |a Quark 
653 |a Teoria de la relatividad 
859 |a CEMS  |b BIB. CEMS - 11 de abril  |h 523.1  |i As42  |p 13845.86  |t Ej.1